000 00830nam a22002057a 4500
999 _c15828
_d15828
003 AR-CdUCM
008 190430b ||||| |||| 00| 0 spa d
040 _aMUNICIPALIDAD PROVINCIAL DEL CUSCO
_cBIBLIOTECA MUNICIPAL DEL CUSCO
082 _a711.5611 /
_bM93
110 _aMunicipalidad del Qosqo
_96414
245 _aDiagnostico del Hawkaypata plaza mayor de la capital histórica del Perú /
260 _aQosqo :
_bMunicipalidad del Qosqo,
_c1993.
300 _a157 paginas ;
_bIlustraciones,
_c16 cm.
505 _aContenido : Recopilación de referencias Históricas -- El Qosqo preinka e inka aproximaciones -- El Qosqo colonial y republicano -- El Qosqo contemporáneo...
650 _aCusco
_9772
650 _aPlaza de armas
_935025
650 _aHawkaypata
_935026
942 _2ddc
_cLIBROS
945 _awnts
_d2019-04-30